Logos de football (niveau 2) - Statistiques

Statistiques générales
  • Ce quiz a été pris 391 fois
  • Le résultat moyen est 21 sur 24
Statistiques - réponses
Par images Réponse % Correct
Lille
99%
Ajax
98%
Séville
96%
Newcastle
95%
Everton
94%
Aston Villa
93%
Atalanta
93%
Real sociedad
93%
OGC Nice
91%
Porto
91%
Fiorentina
90%
PSV
90%
West Ham
89%
Celtic
88%
Athletic Club
87%
Benfica
87%
Bologne
86%
Villarreal
83%
Eintracht Francfort
81%
Zenit Saint-Pétersbourg
79%
VfB Stuttgart
74%
Club Bruges
61%
Borussia Monchengladbach
59%
Chakhtar Donetsk
56%
Aucun quiz correspondant
Distribution des résultats
% des personnes avec chaque résultat
Percentile par nombre de réponses
Votre historique - résultats
Vous n’avez pas pris ce quiz